Encyclopedia of everything. (Record no. 7279)
[ view plain ]
| 000 -LEADER | |
|---|---|
| fixed length control field | 01197cam a2200325 i 4500 |
| 001 - CONTROL NUMBER | |
| control field | 18615115 |
| 003 - CONTROL NUMBER IDENTIFIER | |
| control field | GBCCL |
| 005 - DATE AND TIME OF LATEST TRANSACTION | |
| control field | 20241126110624.0 |
| 008 - FIXED-LENGTH DATA ELEMENTS--GENERAL INFORMATION | |
| fixed length control field | 150512s2012 enkab j e 001 0 eng |
| 010 ## - | |
| -- | 2015304134 |
| 020 ## - INTERNATIONAL STANDARD BOOK NUMBER | |
| International Standard Book Number | 9781472363459 (hardcover) |
| 040 ## - CATALOGING SOURCE | |
| Original cataloging agency | DLC |
| Language of cataloging | eng |
| Description conventions | rda |
| Transcribing agency | DLC |
| Modifying agency | DLC |
| 042 ## - | |
| -- | pcc |
| 050 00 - | |
| -- | AG6 |
| -- | .E139 2012 |
| 082 00 - DEWEY DECIMAL CLASSIFICATION NUMBER | |
| Classification number | 031.02 |
| Edition information | 23 |
| Item number | ENC |
| 245 00 - TITLE STATEMENT | |
| Title | Encyclopedia of everything. |
| 246 1# - | |
| -- | Subtitle on cover: |
| -- | A family reference guide to hundreds of topics about our world! |
| 264 #1 - PRODUCTION, PUBLICATION, DISTRIBUTION, MANUFACTURE, AND COPYRIGHT NOTICE | |
| Place of production, publication, distribution, manufacture | Bath ; |
| -- | New York : |
| Name of producer, publisher, distributor, manufacturer | Parragon, |
| Date of production, publication, distribution, manufacture, or copyright notice | 2012-2014. |
| 300 ## - PHYSICAL DESCRIPTION | |
| Extent | 219 pages : |
| Other physical details | illustrations, maps ; |
| Dimensions | 28 cm |
| 336 ## - CONTENT TYPE | |
| Content type term | text |
| Content type code | txt |
| Source | rdacontent |
| 337 ## - MEDIA TYPE | |
| Media type term | unmediated |
| Media type code | n |
| Source | rdamedia |
| 338 ## - CARRIER TYPE | |
| Carrier type term | volume |
| Carrier type code | nc |
| Source | rdacarrier |
| 500 ## - GENERAL NOTE | |
| General note | Includes index. |
| 505 0# - FORMATTED CONTENTS NOTE | |
| Formatted contents note | The universe and planet Earth -- The natural world -- The human body -- History -- Science and culture. |
| 650 #0 - SUBJECT ADDED ENTRY--TOPICAL TERM | |
| Topical term or geographic name entry element | Children's encyclopedias and dictionaries. |
| 9 (RLIN) | 9445 |
| 710 2# - ADDED ENTRY--CORPORATE NAME | |
| Corporate name or jurisdiction name as entry element | Discovery Kids (Television network) |
| 9 (RLIN) | 12896 |
| 906 ## - LOCAL DATA ELEMENT F, LDF (RLIN) | |
| a | 7 |
| b | cbc |
| c | orignew |
| d | 2 |
| e | ncip |
| f | 20 |
| g | y-gencatlg |
| 942 ## - ADDED ENTRY ELEMENTS (KOHA) | |
| Source of classification or shelving scheme | Dewey Decimal Classification |
| Koha item type | Reference Books |
| Withdrawn status | Lost status | Source of classification or shelving scheme | Damaged status | Not for loan | Home library | Current Library | Shelving location | Date acquired | Total checkouts | Full call number | Barcode | Date last seen | Copy number | Price effective from | Koha item type |
|---|---|---|---|---|---|---|---|---|---|---|---|---|---|---|---|
| Dewey Decimal Classification | GRACE BIBLE COLLEGE | GRACE BIBLE COLLEGE | Encyclopedia | 2018-07-23 | 031.02 ENC | 014010 | 2025-05-01 | c.1 | 2018-07-23 | Reference Books |